| 000 | 01070cam a22002533a 4500 | ||
|---|---|---|---|
| 001 | 6828 | ||
| 003 | PGUSA | ||
| 005 | 20140828083137.0 | ||
| 008 | 041101s2004||||xxu|||||s|||||000 | eng d | ||
| 040 |
_aPGUSA _beng |
||
| 042 | _adc | ||
| 050 | 4 | _aPR | |
| 100 | 1 |
_aFielding, Henry, _d1707-1754 |
|
| 245 | 1 | 4 |
_aThe Works of Henry Fielding : _bEdited by George Saintsbury in 12 Volumes Volume 12 _h[electronic resource] / _cHenry Fielding |
| 260 |
_bProject Gutenberg, _c2004 |
||
| 505 | 0 | _aMiscellanies, Part 2 -- The Author's Farce, Acts I. And II. -- The Tragedy of Tragedies; or, The Life And Death -- of Tom Thumb The Great -- Pasquin; A Dramatic Satire On The Times -- An Essay On Conversation -- The True Patriot, No. XIII. -- The Covent-Garden Journal, Nos. X., XXXIII. -- Familiar Letter | |
| 506 | _aPublic domain in the USA. | ||
| 516 | _aElectronic text | ||
| 653 | _aEnglish literature -- 18th century | ||
| 700 | 1 |
_aSaintsbury, George, _d1845-1933 |
|
| 830 | 0 |
_aProject Gutenberg _v6828 |
|
| 856 | 4 | 0 | _uhttp://www.gutenberg.org/ebooks/6828 |
| 942 | _cEB | ||
| 999 |
_c236148 _d236148 |
||